Evolutionary game theory /

Guardado en:
Autor Principal: Weibull, Jörgen W.
Formato: Libro
Idioma:English
Publicado: Cambridge, Mass. : MIT Press, c1995.
Materias:
Etiquetas: Agregar Etiqueta
Sin Etiquetas, Sea el primero en etiquetar este registro!
LEADER 00786cam a2200241 a 4500
001 EEO.eeo000450
008 941122s1995####maua###g#b####001#0#eng##
005 20060404110008.0
245 1 0 |a Evolutionary game theory /  |c Jörgen W. Weibull. 
260 |a Cambridge, Mass. :  |b MIT Press,  |c c1995. 
300 |a xv, 265 p. :  |b il. ;  |c 24 cm. 
504 |a Incluye referencias bibliográficas (p. [255]-260) e índice. 
020 |a 0262731215 (pb) 
100 1 |a Weibull, Jörgen W. 
082 0 0 |a 519.3  |2 20 
010 |a  94044425  
040 |a DLC  |c DLC  |d DLC 
050 0 0 |a QA269  |b .W45 1995 
650 7 |a Teoría de juegos.  |2 Isoc 
650 7 |a Modelo dinámico.  |2 Isoc 
653 |a Equilibrio de Nash 
653 |a Economía matemática 
859 |a AR-BaUEB  |b BIB. ECONOMIA - General  |h 519.3  |i W425  |p e10928